Research and evaluation in education and psychology : (Record no. 288306)
[ view plain ]
| 000 -LEADER | |
|---|---|
| fixed length control field | 01048cam a22002894i 4500 |
| 001 - CONTROL NUMBER | |
| control field | 17950016 |
| 003 - CONTROL NUMBER IDENTIFIER | |
| control field | PILC |
| 005 - DATE AND TIME OF LATEST TRANSACTION | |
| control field | 20150804132809.0 |
| 008 - FIXED-LENGTH DATA ELEMENTS--GENERAL INFORMATION | |
| fixed length control field | 131121s2015 caua 000 0 eng |
| 010 ## - LIBRARY OF CONGRESS CONTROL NUMBER | |
| LC control number | 2013046948 |
| 020 ## - INTERNATIONAL STANDARD BOOK NUMBER | |
| International Standard Book Number | 9781452240275 (pbk.) |
| 040 ## - CATALOGING SOURCE | |
| Original cataloging agency | DLC |
| Language of cataloging | eng |
| Transcribing agency | DLC |
| Description conventions | rda |
| Modifying agency | DLC |
| 042 ## - AUTHENTICATION CODE | |
| Authentication code | pcc |
| 050 00 - LIBRARY OF CONGRESS CALL NUMBER | |
| Classification number | LB 1028 |
| Item number | .M3964 2015 |
| 082 00 - DEWEY DECIMAL CLASSIFICATION NUMBER | |
| Classification number | 370.7/2 |
| 100 1# - MAIN ENTRY--PERSONAL NAME | |
| Personal name | Mertens, Donna M. |
| 245 10 - TITLE STATEMENT | |
| Title | Research and evaluation in education and psychology : |
| Remainder of title | integrating diversity with quantitative, qualitative, and mixed methods / |
| Statement of responsibility, etc | Donna M. Mertens, Gallaudet University. |
| 250 ## - EDITION STATEMENT | |
| Edition statement | Fourth edition. |
| 260 ## - PUBLICATION, DISTRIBUTION, ETC. (IMPRINT) | |
| Place of publication, distribution, etc | Los Angeles : |
| Name of publisher, distributor, etc | Sage, |
| Date of publication, distribution, etc | 2015. |
| 300 ## - PHYSICAL DESCRIPTION | |
| Extent | xxiii, 509 pages : |
| Other physical details | illustrations ; |
| Dimensions | 26 cm. |
| 500 ## - GENERAL NOTE | |
| General note | Includes bibliographical references. |
| 650 #0 - SUBJECT ADDED ENTRY--TOPICAL TERM | |
| Topical term or geographic name as entry element | Education |
| General subdivision | Research |
| -- | Methodology. |
| 650 #0 - SUBJECT ADDED ENTRY--TOPICAL TERM | |
| Topical term or geographic name as entry element | Psychology |
| General subdivision | Research |
| -- | Methodology. |
| 906 ## - LOCAL DATA ELEMENT F, LDF (RLIN) | |
| a | 7 |
| b | cbc |
| c | orignew |
| d | 1 |
| e | ecip |
| f | 20 |
| g | y-gencatlg |
| 942 ## - ADDED ENTRY ELEMENTS (KOHA) | |
| Source of classification or shelving scheme | Library of Congress Classification |
| Koha item type | Books |
| Withdrawn status | Lost status | Source of classification or shelving scheme | Damaged status | Home library | Current library | Shelving location | Date acquired | Source of acquisition | Sub Shelving location | Total Checkouts | Total Renewals | Full call number | Barcode | Date last seen | Date checked out | Price effective from | Koha item type | Cost, normal purchase price | Checked out |
|---|---|---|---|---|---|---|---|---|---|---|---|---|---|---|---|---|---|---|---|
| Library of Congress Classification | College Library | College Library | Reserve Section | 08/04/2015 | Library Fund | 3 | 23 | LB 1028 .M3964 2015 | C19627 | 11/17/2021 | 08/11/2021 | 08/04/2015 | Books | ||||||
| Library of Congress Classification | College Library | College Library | Reserve Section | 05/29/2017 | Library Fund | 1 | 11 | LB 1028 .M3964 2015 | C20913 | 09/13/2018 | 09/13/2018 | 05/29/2017 | Books | 7695.00 | 02/11/2019 |